Popular Hockey Brands - Statistics

General Stats
  • This quiz has been taken 156 times
  • The average score is 4 of 10
Answer Stats
Answer % Correct
1 Bauer
99%
2 CCM
95%
8 Warrior
75%
5 True
70%
6 Sher-Wood
56%
3 Vaughn
20%
4 Brian's
18%
10 Howie's
11%
7 Verbero
3%
9 Simmons
1%
No matching quizzes found
Score Distribution
Percent of People with Each Score
Percentile by Number Answered
Your Score History
You have not taken this quiz